<?xml version="1.0" encoding="UTF-8"?><?xml-stylesheet type="text/xsl" href="static/style.xsl"?><OAI-PMH xmlns="http://www.openarchives.org/OAI/2.0/" xmlns:xsi="http://www.w3.org/2001/XMLSchema-instance" xsi:schemaLocation="http://www.openarchives.org/OAI/2.0/ http://www.openarchives.org/OAI/2.0/OAI-PMH.xsd"><responseDate>2026-06-05T17:45:39Z</responseDate><request verb="GetRecord" identifier="oai:riuma.uma.es:10630/14137" metadataPrefix="marc">https://riuma.uma.es/rest/oai/request</request><GetRecord><record><header><identifier>oai:riuma.uma.es:10630/14137</identifier><datestamp>2026-02-03T12:21:00Z</datestamp><setSpec>com_10630_2254</setSpec><setSpec>col_10630_37959</setSpec></header><metadata><record xmlns="http://www.loc.gov/MARC21/slim" xmlns:dcterms="http://purl.org/dc/terms/" xmlns:doc="http://www.lyncode.com/xoai" xmlns:xsi="http://www.w3.org/2001/XMLSchema-instance" xsi:schemaLocation="http://www.loc.gov/MARC21/slim http://www.loc.gov/standards/marcxml/schema/MARC21slim.xsd">
   <leader>00925njm 22002777a 4500</leader>
   <datafield ind2=" " ind1=" " tag="042">
      <subfield code="a">dc</subfield>
   </datafield>
   <datafield ind2=" " ind1=" " tag="720">
      <subfield code="a">Ortiz-García, Andrés</subfield>
      <subfield code="e">author</subfield>
   </datafield>
   <datafield ind2=" " ind1=" " tag="720">
      <subfield code="a">Lozano, Francisco</subfield>
      <subfield code="e">author</subfield>
   </datafield>
   <datafield ind2=" " ind1=" " tag="720">
      <subfield code="a">Peinado-Domínguez, Alberto</subfield>
      <subfield code="e">author</subfield>
   </datafield>
   <datafield ind2=" " ind1=" " tag="720">
      <subfield code="a">García, María</subfield>
      <subfield code="e">author</subfield>
   </datafield>
   <datafield ind2=" " ind1=" " tag="260">
      <subfield code="c">2017-07-06</subfield>
   </datafield>
   <datafield ind2=" " ind1=" " tag="520">
      <subfield code="a">Medical image classification is currently a challenging task  &#xd;
that can be used to aid the diagnosis of different brain diseases. Thus,  &#xd;
exploratory and discriminative analysis techniques aiming to obtain rep-  &#xd;
resentative features from the images, play a decisive role in the design  &#xd;
of effective Computer Aided Diagnosis (CAD) systems, which is spe-  &#xd;
cially important in the early diagnosis of dementias. In this work we  &#xd;
present a technique that allows extracting discriminative features from  &#xd;
Positron Emission Tomography (PET) by means of an Empirical Mode  &#xd;
Decomposition-based (EEMD) method. This requires to transform the  &#xd;
3D PET image into a time series which is addressed by sampling the  &#xd;
image using a fractal-based method which allows to preserve the spa-  &#xd;
tial relationship among voxels. The devised technique has been used  &#xd;
to classify images from the Alzheimer's Disease Neuroimaging Initiat-  &#xd;
ive (ADNI) achieving up to a 90.5% accuracy in a differential diagnosis  &#xd;
task (AD vs. controls), which proves that the information retrieved by  &#xd;
our methodology is significantly linked to the disease.</subfield>
   </datafield>
   <datafield ind1="8" ind2=" " tag="024">
      <subfield code="a">http://hdl.handle.net/10630/14137</subfield>
   </datafield>
   <datafield tag="653" ind2=" " ind1=" ">
      <subfield code="a">Medicina - Procesado de imágenes</subfield>
   </datafield>
   <datafield ind2="0" ind1="0" tag="245">
      <subfield code="a">PET image classification using HHT-based features through fractal sampling</subfield>
   </datafield>
</record>
</metadata></record></GetRecord></OAI-PMH>